Logo BPK

Biblioteka

Politechniki Koszalińskiej

Tour de France : (Rekord nr 50629)

Szczegóły MARC
000 -ETYKIETA REKORDU
podpole kontrolne o stałej długości 00675nam a2200217 i 4500
001 - NUMER KONTROLNY REKORDU
pole kontrolne bgj
020 ## - MIĘDZYNARODOWY ZNORMALIZOWANY NUMER KSIĄŻKI - ISBN
ISBN 3423092882
040 ## - ŹRÓDŁO KATALOGOWANIA
Instytucja, która utworzyła rekord BPK
041 0# - KOD JĘZYKA
Kod języka tekstu ger
Kod języka dokumentu towarzyszącego innego niż libretto fre
920 ## - Międzynarodowy znormalizowany numer książki – ISBN
ISBN 3-423-09288-2
008 - POLE O STAŁEJ DŁUGOŚCI - DANE KONTROLNE
podpole kontrolne o stałej długości s gw f |000 0 ger
245 00 - TYTUŁ/ODPOWIEDZIALNOŚĆ
Tytuł Tour de France :
Ciąg dalszy tytułu Frankreich in kleinen Geschichten /
Pozostałe elementy strefy tytułu i oznaczenia odpowiedzialności Erzählt und übersetzt von Irene Kuhn ; Mit Illustrationen von Frieda Wiegand.
260 ## - STREFA ADRESU WYDAWNICZEGO
Miejsce wydania München :
Nazwa wydawcy/dystrybutora Deutschen Taschenbuch Verlag,
Data publikacji, dystrybucji/powstania dokumentu 1992.
300 ## - STREFA OPISU FIZYCZNEGO
Objętość 143 S. :
Inne cechy fizyczne Ill. ;
Rozmiary 18 cm.
490 1# - STREFA SERII I DOKUMENTU WIELOCZĘŚCIOWEGO - FORMA NIE DO WYSZUKIWANIA
Tytuł i oznaczenie odpowiedzialności serii DTV Zweisprachig
651 #9 - HASŁO PRZEDMIOTOWE W FORMIE NAZWY GEOGRAFICZNEJ
Nazwa geograficzna Frankreich
Określnik ogólny Landeskunde
700 1# - HASŁO DODATKOWE - NAZWA OSOBOWA
Nazwa osobowa KUHN, Irene
700 1# - HASŁO DODATKOWE - NAZWA OSOBOWA
Nazwa osobowa WIEGAND, Frieda.
Określenie związku między hasłem a opisywanym materiałem ill.
830 ## - HASŁO DODATKOWE SERII LUB DOKUMENTU WIELOCZĘŚCIOWEGO - TYTUŁ UJEDNOLICONY
Tytuł ujednolicony DTV Zweisprachig
856 ## - LOKALIZACJA I DOSTĘP DO ELEKTRONICZNYCH DOKUMENTÓW ZDALNYCH
Link (URL) http://koha.tu.koszalin.pl/cgi-bin/koha/opac-detail.pl?biblionumber=50629
Tekst linku Katalog online BPK
942 ## - DODATKOWE ELEMENTY (KOHA)
Typ dokumentu Książka
Egzemplarze
Wycofany Status egzemplarza Uszkodzony Dostępność Lokalizacja stała Lokalizacja bieżąca Miejsce przechowywania Sygnatura Kod kreskowy Typ dokumentu
      Dostępny Biblioteka Politechniki Koszalińskiej Biblioteka Politechniki Koszalińskiej Wypożyczalnia Językowa N 666 01581324 Książka
© 2023 Biblioteka Politechniki Koszalińskiej :: KOHA